Исследование процессов релаксации А- и H- центров в кристаллах KBr, KBr:Na, KBr:I при низких темпиратурах; 9-я Международная конференция по радиационной физике и химии неорганических материалов РФХ-9, 23-25 апреля 1996 г.

Bibliographic Details
Parent link:9-я Международная конференция по радиационной физике и химии неорганических материалов РФХ-9, 23-25 апреля 1996 г..— 1996.— С. 207
Main Author: Корепанов В. И.
Other Authors: Кузнецов М. Ф., Сергеев А. Г.
Language:Russian
Published: 1996
Subjects:
Format: Book Chapter
KOHA link:https://koha.lib.tpu.ru/cgi-bin/koha/opac-detail.pl?biblionumber=49534

MARC

LEADER 00000naa2a2200000 4500
001 49534
005 20231031032620.0
035 |a (RuTPU)RU\TPU\book\51855 
035 |a RU\TPU\tpu\9893 
090 |a 49534 
100 |a 20030402d1996 k y0rusy50 ca 
101 0 |a rus 
102 |a RU 
200 1 |a Исследование процессов релаксации А- и H- центров в кристаллах KBr, KBr:Na, KBr:I при низких темпиратурах  |f В. И. Корепанов, М. Ф. Кузнецов, А. Г. Сергеев 
463 1 |0 (RuTPU)RU\TPU\book\12837  |t 9-я Международная конференция по радиационной физике и химии неорганических материалов РФХ-9, 23-25 апреля 1996 г.  |o сборник тезисов докладов  |f Томский политехнический университет ; Международная конференция по радиационной физике и химии неорганических материалов РФХ-9  |v С. 207  |d 1996  |p 437 с. 
610 1 |a труды учёных ТПУ 
675 |a 539.2  |v 3 
675 |a 546(063)  |v 3 
700 1 |a Корепанов  |b В. И. 
701 1 |a Кузнецов  |b М. Ф. 
701 1 |a Сергеев  |b А. Г. 
801 1 |a RU  |b 63413507  |c 20021021  |g PSBO 
801 2 |a RU  |b 63413507  |c 20121210  |g PSBO 
942 |c BK